The work and words of Jesus. (Record no. 5029)

000 -LEADER
fixed length control field 00599nam a2200193 a 4500
001 - CONTROL NUMBER
control field :::00002770$&:&@@
003 - CONTROL NUMBER IDENTIFIER
control field OkBaRHE
005 - DATE AND TIME OF LATEST TRANSACTION
control field 20000607103257.0
008 - FIXED-LENGTH DATA ELEMENTS--GENERAL INFORMATION
fixed length control field s1965 j 000 0 eng u
040 ## - CATALOGING SOURCE
Transcribing agency
100 1# - MAIN ENTRY--PERSONAL NAME
Personal name Hunter, A. M. (Archibald Macbride).
245 14 - TITLE STATEMENT
Title The work and words of Jesus.
260 ## - PUBLICATION, DISTRIBUTION, ETC. (IMPRINT)
Place of publication, distribution, etc London, UK:EN., :
Name of publisher, distributor, etc SCM Press
Date of publication, distribution, etc 1965
300 ## - PHYSICAL DESCRIPTION
Extent 196 p. ;
Dimensions 22 cm.
650 ## - SUBJECT ADDED ENTRY--TOPICAL TERM
Topical term or geographic name as entry element Jesus Christ
General subdivision Person And Offices
650 ## - SUBJECT ADDED ENTRY--TOPICAL TERM
Topical term or geographic name as entry element Jesus Christ
General subdivision Teaching
942 ## - ADDED ENTRY ELEMENTS (KOHA)
Source of classification or shelving scheme
Koha item type Books
Copies
Date acquired Copy number Koha item type Permanent Location Not for loan Shelving location Price effective from Damaged status Barcode Withdrawn status Full call number Lost status Date last seen Source of classification or shelving scheme
2010-04-141BooksRHEMA Bible Training College General Stacks2010-04-14 2770 BS 2415 .H77 2018-03-16